Пропуск в контексте

Физика. Механика. Молекулярная физика и термодинамика учебное пособие

В пособии каждый раздел содержит теоретический материал, примеры решения задач, задачи для самостоятельного решения, а также включает задачи и тестовые задания по основным темам механики, молекулярной физики и термодинамики. Пособие предназначено для студентов всех технических специальностей и напра...

Fuld beskrivelse

Сохранить в:
Bibliografiske detaljer
Hovedforfatter: Дырдин В. В.
Andre forfattere: Шепелева С. А., Ким Т. Л.
Format: Книга
Sprog:Russian
Udgivet: Кемерово КузГТУ имени Т.Ф. Горбачева 2022
Fag:
Online adgang:https://e.lanbook.com/book/257552
https://e.lanbook.com/img/cover/book/257552.jpg
Tags: Tilføj Tag
Ingen Tags, Vær først til at tagge denne postø!
LEADER 02274nam0a2200349 i 4500
001 257552
003 RuSpLAN
005 20221220174204.0
008 221220s2022 ru gs 000 0 rus
020 |a 978-5-00137-294-3 
040 |a RuSpLAN 
041 0 |a rus 
044 |a ru 
080 |a 531(075.8)+539.1(075.8) 
245 0 0 |a Физика. Механика. Молекулярная физика и термодинамика  |b учебное пособие  |c Дырдин В. В.,Шепелева С. А.,Ким Т. Л. 
260 |a Кемерово  |b КузГТУ имени Т.Ф. Горбачева  |c 2022 
300 |a 246 с. 
504 |a Библиогр.: доступна в карточке книги, на сайте ЭБС Лань 
520 8 |a В пособии каждый раздел содержит теоретический материал, примеры решения задач, задачи для самостоятельного решения, а также включает задачи и тестовые задания по основным темам механики, молекулярной физики и термодинамики. Пособие предназначено для студентов всех технических специальностей и направлений. Печатается по решению редакционно-издательского совета Кузбасского государственного технического университета имени Т. Ф. Горбачева. 
521 8 |a Книга из коллекции КузГТУ имени Т.Ф. Горбачева - Физика 
653 0 |a молекулярная физика 
653 0 |a термодинамика 
653 0 |a кинематика 
653 0 |a неинерциальные системы отчета 
653 0 |a механика сплошных сред 
653 0 |a физика колебаний 
100 1 |a Дырдин В. В. 
700 1 |a Шепелева С. А. 
700 1 |a Ким Т. Л. 
856 4 |u https://e.lanbook.com/book/257552 
856 4 8 |u https://e.lanbook.com/img/cover/book/257552.jpg 
953 |a https://e.lanbook.com/img/cover/book/257552.jpg